Statistics for what album does the song belong to - taylor swift

Click here to take the quiz!

General Stats

  • This quiz has been taken 58 times
  • The average score is 199 of 240

Answer Stats

QuestionTileSelect% Correct
i'm the one who makes you laugh when you know you're 'bout to cryNo
98%
i'm the one who makes you laugh when you know you're 'bout to cryNo
98%
i'm the one who makes you laugh when you know you're 'bout to cryNo
98%
i'm the one who makes you laugh when you know you're 'bout to cryNo
98%
i'm the one who makes you laugh when you know you're 'bout to cryNo
98%
i'm the one who makes you laugh when you know you're 'bout to cryNo
98%
i'm the one who makes you laugh when you know you're 'bout to cryNo
98%
i'm the one who makes you laugh when you know you're 'bout to cryNo
96%
i'm the one who makes you laugh when you know you're 'bout to cryNo
96%
i'm the one who makes you laugh when you know you're 'bout to cryNo
96%
he looks up grinning like a devilNo
96%
he looks up grinning like a devilNo
96%
he looks up grinning like a devilNo
96%
he looks up grinning like a devilNo
96%
he looks up grinning like a devilNo
96%
he looks up grinning like a devilNo
96%
he looks up grinning like a devilNo
96%
"man, i didn't kiss her, and i should have"No
94%
i'm the one who makes you laugh when you know you're 'bout to cryNo
94%
he looks up grinning like a devilNo
94%
someday when you leave me, i bet these memories follow you aroundNo
94%
"man, i didn't kiss her, and i should have"No
94%
he looks up grinning like a devilNo
94%
someday when you leave me, i bet these memories follow you aroundNo
94%
someday when you leave me, i bet these memories follow you aroundNo
94%
my mind turns your life into folklore i can't dare to dream about you anymoreNo
94%
"man, i didn't kiss her, and i should have"No
94%
my mind turns your life into folklore i can't dare to dream about you anymoreNo
94%
my mind turns your life into folklore i can't dare to dream about you anymoreNo
94%
my mind turns your life into folklore i can't dare to dream about you anymoreNo
94%
someday when you leave me, i bet these memories follow you aroundNo
94%
and i'm still a believer, but i don't know whyNo
94%
my mind turns your life into folklore i can't dare to dream about you anymoreNo
94%
"man, i didn't kiss her, and i should have"No
94%
and i'm still a believer, but i don't know whyNo
94%
my mind turns your life into folklore i can't dare to dream about you anymoreNo
94%
and i'm still a believer, but i don't know whyNo
94%
"man, i didn't kiss her, and i should have"No
92%
"man, i didn't kiss her, and i should have"No
92%
"man, i didn't kiss her, and i should have"No
92%
trick me once, trick me twice don't you know that cash ain't the only price?No
92%
"man, i didn't kiss her, and i should have"No
92%
there's just one who could make me stay all my daysNo
92%
trick me once, trick me twice don't you know that cash ain't the only price?No
92%
trick me once, trick me twice don't you know that cash ain't the only price?No
92%
trick me once, trick me twice don't you know that cash ain't the only price?No
92%
trick me once, trick me twice don't you know that cash ain't the only price?No
92%
trick me once, trick me twice don't you know that cash ain't the only price?No
92%
and a circus ain't a love story, and now we're both sorryNo
92%
someday when you leave me, i bet these memories follow you aroundNo
92%
and i'm still a believer, but i don't know whyNo
92%
and i'm still a believer, but i don't know whyNo
92%
and i'm still a believer, but i don't know whyNo
92%
someday when you leave me, i bet these memories follow you aroundNo
92%
someday when you leave me, i bet these memories follow you aroundNo
92%
there's just one who could make me stay all my daysNo
92%
there's just one who could make me stay all my daysNo
92%
and a circus ain't a love story, and now we're both sorryNo
92%
he looks up grinning like a devilNo
92%
my mind turns your life into folklore i can't dare to dream about you anymoreNo
92%
my mind turns your life into folklore i can't dare to dream about you anymoreNo
92%
my mind turns your life into folklore i can't dare to dream about you anymoreNo
92%
and a circus ain't a love story, and now we're both sorryNo
92%
my mind turns your life into folklore i can't dare to dream about you anymoreNo
92%
and a circus ain't a love story, and now we're both sorryNo
90%
you are an expert at sorry and keeping lines blurryNo
90%
you are an expert at sorry and keeping lines blurryNo
90%
you are an expert at sorry and keeping lines blurryNo
90%
you are an expert at sorry and keeping lines blurryNo
90%
you are an expert at sorry and keeping lines blurryNo
90%
and a circus ain't a love story, and now we're both sorryNo
90%
"man, i didn't kiss her, and i should have"No
90%
someday when you leave me, i bet these memories follow you aroundNo
90%
they say the road gets hard and you get lost when you're led by blind faithNo
90%
and a circus ain't a love story, and now we're both sorryNo
90%
"man, i didn't kiss her, and i should have"No
90%
they say the road gets hard and you get lost when you're led by blind faithNo
90%
i'm the one who makes you laugh when you know you're 'bout to cryYes
90%
there's just one who could make me stay all my daysNo
90%
there's just one who could make me stay all my daysNo
90%
trick me once, trick me twice don't you know that cash ain't the only price?No
90%
you are an expert at sorry and keeping lines blurryNo
90%
they say the road gets hard and you get lost when you're led by blind faithNo
90%
and my heart's not breaking 'cause i'm not feeling anything at allNo
90%
and i'm still a believer, but i don't know whyNo
90%
and my heart's not breaking 'cause i'm not feeling anything at allNo
90%
someday when you leave me, i bet these memories follow you aroundNo
90%
and my heart's not breaking 'cause i'm not feeling anything at allNo
90%
and a circus ain't a love story, and now we're both sorryNo
90%
and a circus ain't a love story, and now we're both sorryNo
90%
and i'm still a believer, but i don't know whyNo
90%
and a circus ain't a love story, and now we're both sorryNo
88%
they say the road gets hard and you get lost when you're led by blind faithNo
88%
and my heart's not breaking 'cause i'm not feeling anything at allNo
88%
and my heart's not breaking 'cause i'm not feeling anything at allNo
88%
there's just one who could make me stay all my daysNo
88%
they say the road gets hard and you get lost when you're led by blind faithNo
88%
there's just one who could make me stay all my daysNo
88%
they say the road gets hard and you get lost when you're led by blind faithNo
88%
they say the road gets hard and you get lost when you're led by blind faithNo
88%
and i'm still a believer, but i don't know whyNo
88%
and my heart's not breaking 'cause i'm not feeling anything at allNo
88%
they say the road gets hard and you get lost when you're led by blind faithNo
88%
they say the road gets hard and you get lost when you're led by blind faithNo
88%
you are an expert at sorry and keeping lines blurryNo
88%
you are an expert at sorry and keeping lines blurryNo
88%
and i'm still a believer, but i don't know whyNo
88%
you are an expert at sorry and keeping lines blurryNo
88%
there's just one who could make me stay all my daysNo
88%
he looks up grinning like a devilNo
88%
and my heart's not breaking 'cause i'm not feeling anything at allNo
88%
and my heart's not breaking 'cause i'm not feeling anything at allNo
88%
trick me once, trick me twice don't you know that cash ain't the only price?No
85%
and wonder about the only soul who could tell which smiles i'm fakin'No
85%
wondering why we bother with love, if it never lastsNo
85%
wondering why we bother with love, if it never lastsNo
85%
and wonder about the only soul who could tell which smiles i'm fakin'No
85%
and wonder about the only soul who could tell which smiles i'm fakin'No
85%
there's just one who could make me stay all my daysNo
85%
"man, i didn't kiss her, and i should have"No
85%
wondering why we bother with love, if it never lastsNo
85%
made your mark on me, a golden tattooNo
85%
wondering why we bother with love, if it never lastsNo
85%
made your mark on me, a golden tattooNo
85%
they say the road gets hard and you get lost when you're led by blind faithNo
85%
made your mark on me, a golden tattooNo
85%
there's just one who could make me stay all my daysNo
85%
wondering why we bother with love, if it never lastsNo
83%
are we only biding time 'til i lose your attention?No
83%
made your mark on me, a golden tattooNo
83%
with my calamitous love and insurmountable griefNo
83%
and i'm still a believer, but i don't know whyNo
83%
wondering why we bother with love, if it never lastsNo
83%
made your mark on me, a golden tattooNo
83%
made your mark on me, a golden tattooNo
83%
and a circus ain't a love story, and now we're both sorryNo
83%
with my calamitous love and insurmountable griefNo
83%
are we only biding time 'til i lose your attention?No
83%
and my heart's not breaking 'cause i'm not feeling anything at allNo
83%
and a circus ain't a love story, and now we're both sorryNo
83%
are we only biding time 'til i lose your attention?No
83%
made your mark on me, a golden tattooNo
83%
wondering why we bother with love, if it never lastsNo
83%
and wonder about the only soul who could tell which smiles i'm fakin'No
83%
and wonder about the only soul who could tell which smiles i'm fakin'No
83%
there's just one who could make me stay all my daysNo
83%
wondering why we bother with love, if it never lastsNo
83%
someday when you leave me, i bet these memories follow you aroundNo
83%
and wonder about the only soul who could tell which smiles i'm fakin'No
83%
and wonder about the only soul who could tell which smiles i'm fakin'No
83%
trick me once, trick me twice don't you know that cash ain't the only price?No
83%
made your mark on me, a golden tattooNo
81%
made your mark on me, a golden tattooNo
81%
and my heart's not breaking 'cause i'm not feeling anything at allNo
81%
made your mark on me, a golden tattooNo
81%
with my calamitous love and insurmountable griefNo
81%
he looks up grinning like a devilYes
81%
with my calamitous love and insurmountable griefNo
81%
with my calamitous love and insurmountable griefNo
81%
with my calamitous love and insurmountable griefNo
81%
with my calamitous love and insurmountable griefNo
81%
with my calamitous love and insurmountable griefNo
81%
are we only biding time 'til i lose your attention?No
81%
you are an expert at sorry and keeping lines blurryNo
81%
are we only biding time 'til i lose your attention?No
81%
are we only biding time 'til i lose your attention?No
81%
wondering why we bother with love, if it never lastsNo
81%
and wonder about the only soul who could tell which smiles i'm fakin'No
81%
someday when you leave me, i bet these memories follow you aroundNo
81%
back when you fit my poems like a perfect rhymeNo
79%
back when you fit my poems like a perfect rhymeNo
79%
trick me once, trick me twice don't you know that cash ain't the only price?No
79%
and wonder about the only soul who could tell which smiles i'm fakin'No
79%
and i don't try to hide my tears the secrets, or my deepest fearsNo
79%
and i don't try to hide my tears the secrets, or my deepest fearsNo
79%
wondering why we bother with love, if it never lastsNo
79%
wondering why we bother with love, if it never lastsNo
79%
with my calamitous love and insurmountable griefNo
79%
are we only biding time 'til i lose your attention?No
79%
you are an expert at sorry and keeping lines blurryNo
79%
back when you fit my poems like a perfect rhymeNo
77%
made your mark on me, a golden tattooNo
77%
with my calamitous love and insurmountable griefNo
77%
and i don't try to hide my tears the secrets, or my deepest fearsNo
77%
i think of you we're a crooked love in a straight line downNo
77%
i think of you we're a crooked love in a straight line downNo
77%
and i don't try to hide my tears the secrets, or my deepest fearsNo
77%
back when you fit my poems like a perfect rhymeNo
77%
and wonder about the only soul who could tell which smiles i'm fakin'No
77%
and wonder about the only soul who could tell which smiles i'm fakin'No
77%
are we only biding time 'til i lose your attention?No
77%
back when you fit my poems like a perfect rhymeNo
75%
with my calamitous love and insurmountable griefNo
75%
back when you fit my poems like a perfect rhymeNo
75%
are we only biding time 'til i lose your attention?No
75%
are we only biding time 'til i lose your attention?No
75%
and i don't try to hide my tears the secrets, or my deepest fearsNo
75%
"man, i didn't kiss her, and i should have"Yes
75%
back when you fit my poems like a perfect rhymeNo
75%
back when you fit my poems like a perfect rhymeNo
75%
and i don't try to hide my tears the secrets, or my deepest fearsNo
75%
and my heart's not breaking 'cause i'm not feeling anything at allNo
75%
and i don't try to hide my tears the secrets, or my deepest fearsNo
75%
i think of you we're a crooked love in a straight line downNo
75%
back when you fit my poems like a perfect rhymeNo
75%
i think of you we're a crooked love in a straight line downNo
75%
i think of you we're a crooked love in a straight line downNo
75%
back when you fit my poems like a perfect rhymeNo
73%
and i don't try to hide my tears the secrets, or my deepest fearsNo
73%
i think of you we're a crooked love in a straight line downNo
73%
are we only biding time 'til i lose your attention?No
73%
i think of you we're a crooked love in a straight line downNo
73%
i think of you we're a crooked love in a straight line downNo
71%
trick me once, trick me twice don't you know that cash ain't the only price?No
71%
i think of you we're a crooked love in a straight line downNo
71%
and i don't try to hide my tears the secrets, or my deepest fearsNo
71%
they say the road gets hard and you get lost when you're led by blind faithNo
69%
and i don't try to hide my tears the secrets, or my deepest fearsNo
69%
back when you fit my poems like a perfect rhymeNo
69%
i think of you we're a crooked love in a straight line downNo
69%
i think of you we're a crooked love in a straight line downNo
65%
made your mark on me, a golden tattooYes
65%
you are an expert at sorry and keeping lines blurryYes
65%
wondering why we bother with love, if it never lastsYes
65%
and a circus ain't a love story, and now we're both sorryYes
63%
my mind turns your life into folklore i can't dare to dream about you anymoreNo
63%
and i'm still a believer, but i don't know whyYes
63%
someday when you leave me, i bet these memories follow you aroundYes
60%
and i don't try to hide my tears the secrets, or my deepest fearsNo
60%
my mind turns your life into folklore i can't dare to dream about you anymoreYes
58%
there's just one who could make me stay all my daysYes
58%
and my heart's not breaking 'cause i'm not feeling anything at allYes
56%
they say the road gets hard and you get lost when you're led by blind faithYes
54%
with my calamitous love and insurmountable griefYes
54%
and wonder about the only soul who could tell which smiles i'm fakin'Yes
52%
trick me once, trick me twice don't you know that cash ain't the only price?Yes
46%
are we only biding time 'til i lose your attention?Yes
44%
back when you fit my poems like a perfect rhymeYes
42%
i think of you we're a crooked love in a straight line downYes
40%
and i don't try to hide my tears the secrets, or my deepest fearsYes
29%

Score Distribution

Percentile by Number Answered

Percent of People with Each Score

Your Score History

You have not taken this quiz